La imagen de América Latina en las letras húngaras y la presencia de la literatura húngara en América Latina un esbozo /
The author, who is a poet, editor, and literary translator is one of those who have done a lot to make Latin American literature known in Hungary, and Hungarian literature known in Latin America. The study gives a brief overview of some of the most important characteristics of this so far little res...
Elmentve itt :
| Szerző: | |
|---|---|
| Dokumentumtípus: | Cikk |
| Megjelent: |
Universidad "József Attila", Departamento de Estudios Hispánicos
Szeged
2011
|
| Sorozat: | Acta hispanica
16 |
| Kulcsszavak: | Spanyol irodalom története - Latin-Amerika, Magyar irodalom története |
| Tárgyszavak: | |
| Online Access: | http://acta.bibl.u-szeged.hu/30482 |
| LEADER | 01284nab a2200229 i 4500 | ||
|---|---|---|---|
| 001 | acta30482 | ||
| 005 | 20220628131331.0 | ||
| 008 | 161017s2011 hu o 0|| eng d | ||
| 022 | |a 1416-7263 | ||
| 040 | |a SZTE Egyetemi Kiadványok Repozitórium |b hun | ||
| 041 | |a eng | ||
| 041 | |a spa | ||
| 100 | 1 | |a Tóth Éva | |
| 245 | 1 | 3 | |a La imagen de América Latina en las letras húngaras y la presencia de la literatura húngara en América Latina |h [elektronikus dokumentum] : |b un esbozo / |c Tóth Éva |
| 260 | |a Universidad "József Attila", Departamento de Estudios Hispánicos |b Szeged |c 2011 | ||
| 300 | |a 47-51 | ||
| 490 | 0 | |a Acta hispanica |v 16 | |
| 520 | 3 | |a The author, who is a poet, editor, and literary translator is one of those who have done a lot to make Latin American literature known in Hungary, and Hungarian literature known in Latin America. The study gives a brief overview of some of the most important characteristics of this so far little researched topic as well as provides some examples of the main representatives. | |
| 650 | 4 | |a Bölcsészettudományok | |
| 650 | 4 | |a Nyelvek és irodalom | |
| 695 | |a Spanyol irodalom története - Latin-Amerika, Magyar irodalom története | ||
| 856 | 4 | 0 | |u http://acta.bibl.u-szeged.hu/30482/1/hispanica_016_047-051.pdf |z Dokumentum-elérés |